Evaluations of drug interactions, 1973. / (Record no. 55908)
[ view plain ]
| 000 -LEADER | |
|---|---|
| fixed length control field | 00818cam0a220024100 4500 |
| 001 - CONTROL NUMBER | |
| control field | qce00844437 |
| 005 - DATE AND TIME OF LATEST TRANSACTION | |
| control field | 20190814132635.0 |
| 008 - FIXED-LENGTH DATA ELEMENTS--GENERAL INFORMATION | |
| fixed length control field | 730531s1973 wau 000 0 eng u |
| 035 ## - SYSTEM CONTROL NUMBER | |
| System control number | (Sirsi) r68361 |
| 035 ## - SYSTEM CONTROL NUMBER | |
| System control number | (QCAT)lss00432359 |
| 035 ## - SYSTEM CONTROL NUMBER | |
| System control number | (UPRA)qce00844437 |
| 040 ## - CATALOGING SOURCE | |
| Modifying agency | UPRA |
| 110 2# - MAIN ENTRY--CORPORATE NAME | |
| Corporate name or jurisdiction name as entry element | American Pharmaceutical Association. |
| Linkage | A29417.1 |
| 245 10 - TITLE STATEMENT | |
| Title | Evaluations of drug interactions, 1973. / |
| Statement of responsibility, etc. | Prepared with the cooperation and assistance of the American Dental Association [and others]. |
| 250 ## - EDITION STATEMENT | |
| Edition statement | 1st ed. |
| 260 ## - PUBLICATION, DISTRIBUTION, ETC. | |
| Place of publication, distribution, etc. | Washington, |
| Date of publication, distribution, etc. | [c1973] |
| 504 ## - BIBLIOGRAPHY, ETC. NOTE | |
| Bibliography, etc. note | Includes bibliographies. |
| 650 #0 - SUBJECT ADDED ENTRY--TOPICAL TERM | |
| Topical term or geographic name entry element | Drug synergism. |
| Linkage | S21287.1 |
| 650 #2 - SUBJECT ADDED ENTRY--TOPICAL TERM | |
| Topical term or geographic name entry element | Drug Interactions. |
| Linkage | S21286.2 |
| 710 2# - ADDED ENTRY--CORPORATE NAME | |
| Corporate name or jurisdiction name as entry element | American Dental Association. |
| Linkage | A29418.1 |
| 949 ## - LOCAL PROCESSING INFORMATION (OCLC) | |
| a | RM302 |
| w | LC |
| i | -91733 |
| m | MEDICAL |
| t | BOOK |
| l | ON-SHELF |
No items available.